00434nam 22001453 450000100060000010000410000610100080004720000770005521000090013231700390014150000640018060600170024470000180026180100090027932537 a20260310d u||y0pory50 ba aeng aObservation and analysis of the surface Wind Over the OceanfG.Verploegh d1967 5Serviço Meteorológico Nacional aObservation and analysis of the surface Wind Over the Ocean xOceanografia aVerploeghbG. gISBD